| 000 | 00461nam a2200145 a 4500 | ||
|---|---|---|---|
| 001 | 1373 | ||
| 003 | CDMR | ||
| 005 | 20151102140003.0 | ||
| 008 | 130130s2001||||sp |||||||||||||||||cat|d | ||
| 040 |
_aCDMR _bcat _cCPC LLEIDA |
||
| 110 | 2 |
_952 _aCol·legi de Periodistes de Catalunya _b -- Demarcació de Lleida |
|
| 245 | 1 | 0 | _aGuia de la comunicació, Lleida 2001 |
| 260 |
_aLleida _c2001 _bCol·legi de Periodistes de Catalunya. Demarcació de Lleida |
||
| 942 |
_cMON _2udc |
||
| 999 |
_c1373 _d1373 |
||